000 00738nam a2200289Ia 4500
005 20260324133116.0
008 008 260324s9999 xx 000 0 eng d
020 _a9780203220610
037 _aEBOOK
040 _aCRL
040 _beng
040 _cCRL
041 _2eng
041 _aeng
084 _qCRL
100 _aHilary Kilpatrick
_91191827
245 0 _aMaking the Great Book of Songs
245 0 _bCompilation and the Author's Craft in Abû I-Faraj al-Isbahânî's Kitâb al-aghânî
260 _bTaylor and Francis
260 _c2003
365 _a
365 _b230
856 _uhttp://www.taylorfrancis.com/books/9780203220610
942 _cEBOOK
999 _c1790575
_d1790575